000
00202nam a22000857a 4500
008
160706b xxu||||| |||| 00| 0 eng d
100
_9
2405
_a
Ravi, K
245
_a
Our Inward Journey
260
_a
USA
_b
Halmark
999
_c
2080
_d
2080